000 00428nam a2200181Ia 4500
001 15248
005 20260306165014.0
008 260306t2007||||xx |||||||||||||| ||spa||
041 _aESP
082 _a531.076
_bB94
100 _aBurbano de Ercilla, Santiago
_eAUT
245 0 _aProblemas de física
260 _c2007
300 _a815 páginas :
_c30 cm.
650 _aGEN
654 _aCCN
942 _cLIB
_dJUS
_fJUS
_2ddc
_n
999 _c15248
_d15248